| 000 | 00809nam a2200301Ia 4500 | ||
|---|---|---|---|
| 003 | OSt | ||
| 005 | 20220912150731.0 | ||
| 006 | a|||||r|||| 00| 0 | ||
| 007 | ta | ||
| 008 | 220909b |||||||| |||| 00| 0 eng d | ||
| 020 | _a0471101613 (pbk) | ||
| 024 | _a6178 | ||
| 037 | _bEducational, | ||
| 037 | _cTextbook | ||
| 040 |
_aCSL _beng _cCSL |
||
| 041 | _aeng | ||
| 082 | _aE5:4, M2 | ||
| 100 | _aWarren Stuart | ||
| 245 | 0 | _aOrganic synthesis : the disconnection approach | |
| 260 |
_aChichester _bJohn Wiley Sons _c1982 |
||
| 300 | _axii,391p | ||
| 500 | _aBibliographical references 366-380p; Index 381-391p | ||
| 650 | _a Organic | ||
| 650 | _a Synthesis | ||
| 650 | _aChemistry | ||
| 942 |
_hE5:4, M2 _cTB _2CC |
||
| 999 |
_c53605 _d53605 |
||